_Statistics (9th ed.) Robert S. witte (Record no. 12540)
[ view plain ]
| 000 -LEADER | |
|---|---|
| fixed length control field | 00438nam a2200157Ia 4500 |
| 008 - FIXED-LENGTH DATA ELEMENTS--GENERAL INFORMATION | |
| fixed length control field | 151021s9999 xx 000 0 und d |
| 020 ## - INTERNATIONAL STANDARD BOOK NUMBER | |
| International Standard Book Number | 9.7804703911e+012 |
| 245 ## - TITLE STATEMENT | |
| Title | _Statistics (9th ed.) Robert S. witte |
| 260 ## - PUBLICATION, DISTRIBUTION, ETC. (IMPRINT) | |
| Place of publication, distribution, etc. | USA John Wiley & sons 2010 |
| 300 ## - PHYSICAL DESCRIPTION | |
| Extent | xvii,556p.;ill |
| 500 ## - GENERAL NOTE | |
| General note | Include index |
| 500 ## - GENERAL NOTE | |
| General note | Include index |
| 650 ## - SUBJECT ADDED ENTRY--TOPICAL TERM | |
| Topical term or geographic name as entry element | _statistics |
| 700 ## - ADDED ENTRY--PERSONAL NAME | |
| Personal name | _Witte S. John |
| 980 ## - EQUIVALENCE OR CROSS-REFERENCE-SERIES STATEMENT--PERSONAL NAME/TITLE [LOCAL, CANADA] | |
| Personal name | ^d20120827 05:59:52^oanne |
No items available.